000 00522nam a22001817a 4500
003 CEME
005 20210628210740.0
008 210212b xxu||||| |||| 00| 0 eng d
020 _a0-19-856509-7
040 _c.
082 _a539.2 SHV
100 _aShvartsburg, A.B
_980828
245 _aTime-domain optic of ultrashort waveforms
260 _aOXFORD
_bCLARENDON PRESS
_c1996
300 _a200P
650 _aELECTROMAGNETIC WAVES-TRANSMISSION QUANTUM ELECTRODYNAMICS TIME DOMAIN ANALYSIS
_980829
942 _cBK
_2ddc
999 _c585692
_d585692